| 000 | 01187cam a22003011 4500 | ||
|---|---|---|---|
| 001 | gs 47000337 | ||
| 003 | DLC | ||
| 005 | 20260227111353.0 | ||
| 008 | 891025s1945 sw f b 000 0 eng c | ||
| 010 | _ags 47000337 | ||
| 035 | _a(OCoLC)20549699 | ||
| 040 |
_aU.S. Geol. Survey. Library _cCU _dCU _dDLC |
||
| 042 | _apremarc | ||
| 050 | 0 | 0 |
_aQE282 _b.A3 ser. C, no. 469 |
| 082 | _a553.4 | ||
| 100 | 1 |
_aGavelin, Sven, _d1909- |
|
| 245 | 1 | 0 |
_aArsenic-cobalt-nickel-silver veins in the Lindsköld copper mine, N. Sweden, _cby Sven Gavelin. |
| 260 |
_aStockholm, _bKungl. boktryckeriet, P.A. Norstedt & söner, _c1945. |
||
| 300 |
_a18 p. _bplates. _c24 cm. |
||
| 490 | 1 |
_aSweden. Geologiska undersökningen. Ser. C. Avhandlingar och uppsatser. _vn:o 469. Årsbok 39 (1945) n:o 2 |
|
| 500 | _aAt head of title: Sveriges geologiska undersökning ... | ||
| 504 | _a"Literature": p. 18. | ||
| 650 | 0 |
_aOre deposits _zSweden _zSkelleft (Township) |
|
| 650 | 0 |
_aMineralogy _zSweden _zSkelleft (Township) |
|
| 740 | 0 | _aLindsköld copper mine, N. Sweden. | |
| 830 | 0 |
_aSer. C--Avhandlingar och uppsatser ; _vn:o 469. |
|
| 830 | 0 |
_aÅrsbok (Sveriges geologiska undersökning) ; _v39 : n:o 2. |
|
| 999 |
_c28216 _d28216 |
||